01120cam a2200217 a 4500001001000000003000900010005001700019008004100036020001500077040003700092082002300129100001900152245004800171260005000219300002100269504005400290505043800344650004600782651002900828651004500857000001267DO-SdBNP20211112135037.0010824s2001 bl b 001 0 por  a8535901132 aDO-SdBNPcEYMdDLCdNOCdELdDLC 4a305.552bM619i2221 aMiceli, Sergio10aIntelectuais a brasileira /cSergio Miceli. aSao Paulo, SP :bCompanhia das Letras,c2001. a436 p. ;c23 cm. aIncluye referencias bibliográficas e índices.0 aAnálises: Poder, sexo e letras na Republica Velha; Intelectuais e classe dirigente no Brasil (1920-1945); O Conselho Nacional de Educação: "Esboco de analizar de um aparelho de estado (1931-1937) - Artigos: Biografia e cooptacao (o estado actual das Fontes para a historia das elites e politica no Brasil); SPHAN: Refrigerio da cultura oficial; Intellectuais brasileiros - Depoimentos: A construção do trabalho intelectual. 0aIntelectualeszBrasilxHistoriaySIGLO XX 0aBrasilxVida Intelectual 4aBrasilxPolítica y gobiernoySiglo XX